All MLB Teams Sudden Death - Statistics

General Stats
  • This quiz has been taken 276 times
    274 since last reset
  • The average score is 23 of 30
Answers on the Grid
Answers color-coded by a green-red scale on the quiz's grid according to % correct below.
Braves
Hops
Marlins
Aquasox
Mets
Chiefs
Nationals
Lugnuts
Phillies
Blue Rocks
Red Sox
Heat
Yankees
Bucks
Dolphins
Rays
Sigmas
Orioles
Magic
Expos
Blue Jays
Guards
Eagles
Guardians
Blue Jackets
Spurs
Grizzlies
Vikings
Royals
White Sox
Healies
Raiders
Twins
Tigers
Reds
Cubs
Cardinals
Brewers
Pirates
Dodgers
Rockies
Diamondbacks
Padres
Giants
Mariners
Sounds
Lemurs
Hornets
Atheltics
Rangers
Astros
Angels
Whitecaps
Dust Devils
Loons
Cyclones
 
Answer Stats
Answer % Correct
Braves
93%
Mets
93%
Yankees
91%
Phillies
87%
Red Sox
87%
Marlins
84%
Nationals
82%
Orioles
81%
Blue Jays
78%
Cardinals
78%
Rays
78%
Dodgers
77%
Royals
77%
Mariners
76%
Cubs
75%
Twins
75%
Brewers
74%
Diamondbacks
74%
Padres
74%
Reds
74%
Rockies
74%
Tigers
74%
White Sox
74%
Angels
72%
Astros
72%
Pirates
72%
Rangers
72%
Atheltics
71%
Giants
69%
Guardians
65%
No matching quizzes found
Score Distribution
Percent of People with Each Score
Percentile by Number Answered
Your Score History
You have not taken this quiz since the last reset